Glencoe writer's choice : (Record no. 14103)

000 -LEADER
fixed length control field 00876nam a2200229Ka 4500
020 ## - INTERNATIONAL STANDARD BOOK NUMBER
ISBN 0078228107 (grade 6 student edition)
040 ## - CATALOGING SOURCE
Transcribing agency TXV
082 ## - DEWEY DECIMAL CLASSIFICATION NUMBER
Classification number 808 GLE 2001 A096 Or.
245 00 - TITLE STATEMENT
Title Glencoe writer's choice :
Remainder of title grammar and composition
246 30 - VARYING FORM OF TITLE
Title proper/short title Writer's choice: grammar and composition
250 ## - EDITION STATEMENT
Edition statement Texas ed
260 ## - PUBLICATION, DISTRIBUTION, ETC. (IMPRINT)
Place of publication New York :
Name of publisher Glencoe McGraw-Hill ;
Year of publication c2001
300 ## - PHYSICAL DESCRIPTION
Number of Pages v. :
Other physical details ill. ;
Dimensions 28 cm. +
Accompanying material Texas teacher's wraparound edition (for each grade level) + interactive grammar and language workbook cd-rom (includes cd-rom, Windows diskette, Macintosh diskette, and user's guide)
500 ## - GENERAL NOTE
General note Includes index
650 #0 - SUBJECT ADDED ENTRY--TOPICAL TERM
Topical Term Language arts (Elementary)
650 #0 - SUBJECT ADDED ENTRY--TOPICAL TERM
Topical Term Language arts (Secondary)
650 #0 - SUBJECT ADDED ENTRY--TOPICAL TERM
Topical Term Composition (Language arts)
650 #0 - SUBJECT ADDED ENTRY--TOPICAL TERM
Topical Term English language
650 #0 - SUBJECT ADDED ENTRY--TOPICAL TERM
Topical Term English language
710 2# - ADDED ENTRY--CORPORATE NAME
Corporate name or jurisdiction name as entry element Glencoe/McGraw-Hill
942 ## - ADDED ENTRY ELEMENTS (KOHA)
Koha item type សៀវភៅភាសាអង់គ្លេស
952 ## - LOCATION AND ITEM INFORMATION (KOHA)
Withdrawn status [LOCAL, KOHA] 0
Holdings
Permanent Location Date acquired Koha item type Lost status Shelving location Barcode Current Location Full call number
Library Block A2017-10-06សៀវភៅភាសាអង់គ្លេស A096A19039Library Block A808 GLE 2001 A096 Or.
មជ្ឈមណ្ឌលឯការនៃសាកលវិទ្យាល័យភូមិន្ទកសិកម្មចំការដូង

Powered by Koha